Statystyki dla Najdłuższe rzeki w Afryce

Kliknij tutaj aby rozwiązać quiz!

Ogólne statystyki

  • Ten quiz został rozwiązany 22 razy
    (5 od ostatniego zresetowania)
  • Średni wynik to 2 z 10

Statystyki odpowiedzi

KmRzeka% Poprawnych
6853Nil
100%
4700Kongo
75%
4200Niger
50%
2153Kasai
0%
1800Limpopo
0%
1600Niebieski Nil
0%
2092Oranje
0%
1641Senegal
0%
2270Ubangi-uele
0%
2693Zambezi
0%

Rozkład punktacji

Percentyl według liczby udzielonych odpowiedzi

Procent ludzi z każdym wynikiem

Twoja historia wyników

Nie rozwiązałeś tego quizu od ostatniego zresetowania